Controlling a jeho úloha v systéme riadenia rizík v medzinárodnej firme bakalárska práca

Uložené v:
Podrobná bibliografia
Hlavný autor: Kajlová, Katarína
Korporativný autor: Obchodná fakulta EU. Katedra medzinárodného obchodu
Ďalší autori: Steinhauser, Dušan, 1988-
Médium: Kniha
Jazyk:Slovak
Vydavateľské údaje: Bratislava 2016
Tagy: Pridať tag
Žiadne tagy, Buďte prvý, kto otaguje tento záznam!

MARC

LEADER 00000nbm a2200000 4500
001 0218713
005 20170123110908.1
041 0 |a slo 
044 |a SK 
245 1 0 |a Controlling a jeho úloha v systéme riadenia rizík v medzinárodnej firme  |b bakalárska práca  |c Katarína Kajlová ; školiteľ: Dušan Steinhauser 
264 1 |a Bratislava  |c 2016 
300 |a 45 s. 
100 1 |a Kajlová, Katarína 
700 1 |a Steinhauser, Dušan, 1988- 
710 2 |a Obchodná fakulta EU. Katedra medzinárodného obchodu